header

American classic screen interviews (Record no. 184753)

MARC details
000 -LEADER
fixed length control field 01607nam a2200385Ia 4500
082 04 - DEWEY DECIMAL CLASSIFICATION NUMBER
Classification number 791.43092/2
245 00 - TITLE STATEMENT
Title American classic screen interviews
260 ## - PUBLICATION, DISTRIBUTION, ETC. (IMPRINT)
Place of publication Lanham :
Name of publisher Scarecrow Press, Inc.,
Year of publication 2010.
300 ## - PHYSICAL DESCRIPTION
Number of Pages xxiii, 262 p.
500 ## - GENERAL NOTE
General note Includes index.
650 #0 - SUBJECT ADDED ENTRY--TOPICAL TERM
Topical Term Motion pictures
Topical Term Motion pictures
Topical Term Motion picture industry
Topical Term Motion picture actors and actresses
Topical Term Motion picture producers and directors
Topical Term Animators
Topical Term Film historians
700 1# - ADDED ENTRY--PERSONAL NAME
Personal name Tibbetts, John C.
Personal name Welsh, James Michael.
856 40 - ELECTRONIC LOCATION AND ACCESS
Uniform Resource Identifier http://site.ebrary.com/lib/rucke/Doc?id=10404833

No items available.

© 2026 Rongo University
Contact us: librarian | system librarian | Rongo university